El duende del carpintero / (Registro nro. 3359)
[ vista simple ]
| 000 -LEADER | |
|---|---|
| fixed length control field | 01192nam a2200253Ia 4500 |
| 003 - CONTROL NUMBER IDENTIFIER | |
| control field | OSt |
| 005 - DATE AND TIME OF LATEST TRANSACTION | |
| control field | 20250710122938.0 |
| 008 - FIXED-LENGTH DATA ELEMENTS--GENERAL INFORMATION | |
| fixed length control field | 191128t1991 ck a br 000 f spa d |
| 020 ## - INTERNATIONAL STANDARD BOOK NUMBER | |
| International Standard Book Number | 9580428891 |
| 040 ## - CATALOGING SOURCE | |
| Original cataloging agency | CO-JMCR |
| Transcribing agency | CO-JMCR |
| 041 0# - LANGUAGE CODE | |
| Language code of text/sound track or separate title | spa |
| 082 14 - DEWEY DECIMAL CLASSIFICATION NUMBER | |
| Classification number | N |
| Item number | KAUd |
| 100 1# - MAIN ENTRY--PERSONAL NAME | |
| Personal name | Kaut, Ellis, |
| Relator term | autor |
| 9 (RLIN) | 7382 |
| 245 13 - TITLE STATEMENT | |
| Title | El duende del carpintero / |
| Statement of responsibility, etc. | Ellis Kaut ; traducción de Ángela Olguín |
| 260 ## - PUBLICATION, DISTRIBUTION, ETC. | |
| Place of publication, distribution, etc. | Bogotá : |
| Name of publisher, distributor, etc. | Norma, |
| Date of publication, distribution, etc. | ©1991 |
| 300 ## - PHYSICAL DESCRIPTION | |
| Extent | 180 páginas : |
| Other physical details | ilustraciones blanco y negro ; |
| Dimensions | 19 cm. |
| 490 0# - SERIES STATEMENT | |
| Series statement | Torre de papel azul |
| 500 ## - GENERAL NOTE | |
| General note | Incluye datos biográficos del autor en tapa posterior. |
| 505 0# - FORMATTED CONTENTS NOTE | |
| Formatted contents note | Un poco a cerca de los duendes -- Un fantasma en el taller -- Las leyes de los duendes -- La cama de Pumi -- Pumi y el dinero -- Pumi decide ir al colegio -- Pumi aprende a ser ordenado |
| 520 ## - SUMMARY, ETC. | |
| Summary, etc. | El maestro Eder esun carpintero que hace cajitas y repisas, y además repara muebles antiguos. El no tiene esposa. Vive solo, o por lo menos eso piensa él, hasta que un día descubre que Pumi, un gracioso duende a quien le en canta hacer bromas. |
| 650 14 - SUBJECT ADDED ENTRY--TOPICAL TERM | |
| Topical term or geographic name entry element | Novela infantil |
| 9 (RLIN) | 1227 |
| 700 ## - ADDED ENTRY--PERSONAL NAME | |
| Personal name | Olguín, Ángela, |
| Relator term | traductora |
| 9 (RLIN) | 7383 |
| 942 ## - ADDED ENTRY ELEMENTS (KOHA) | |
| Source of classification or shelving scheme | Dewey Decimal Classification |
| Koha item type | Books |
| Withdrawn status | Lost status | Source of classification or shelving scheme | Damaged status | Not for loan | Home library | Current library | Date acquired | Total Checkouts | Full call number | Barcode | Date last seen | Date last checked out | Copy number | Koha item type | Collection code | Source of acquisition | Price effective from |
|---|---|---|---|---|---|---|---|---|---|---|---|---|---|---|---|---|---|
| Dewey Decimal Classification | Biblioteca Pública José María del Castillo y Rada | Biblioteca Pública José María del Castillo y Rada | 11/28/2019 | 3 | N KAUd | 201807009 | 03/12/2024 | 03/12/2024 | Ej.2 | Books | |||||||
| Dewey Decimal Classification | Biblioteca Pública José María del Castillo y Rada | Biblioteca Pública José María del Castillo y Rada | 11/28/2019 | 5 | N KAUd | 201807078 | 03/12/2024 | 03/12/2024 | Ej.1 | Books | Fiction | Donación | 07/15/2020 |